Metro Maps Around The World - Statistics

General Stats
  • This quiz has been taken 55 times
  • The average score is 8 of 16
Answer Stats
Picture Answer % Correct
New York
83%
Paris
73%
Madrid
71%
Moscow
71%
Tokyo
68%
Beijing
66%
London
54%
Cairo
51%
Shanghai
51%
Seoul
46%
Singapore
46%
Istanbul
39%
São Paulo
22%
Mexico City
17%
Tehran
15%
Delhi
10%
No matching quizzes found
Score Distribution
Percent of People with Each Score
Percentile by Number Answered
Your Score History
You have not taken this quiz